[Event "IV Festival A"]
[Site "Erba ITA"]
[Date "2010.03.05"]
[Round "1"]
[White "Belezky, Alexander"]
[Black "Liscio, Giovanni"]
[Result "1-0"]
[WhiteElo "2452"]
[BlackElo "2046"]
[PlyCount "89"]
[EventDate "2010.03.05"]

1. e4 c6 2. d3 e5 3. Nf3 d6 4. c4 Nf6 5. Nc3 Be7 6. Be2 a5 7. O-O O-O 8. c5
Nbd7 9. cxd6 Bxd6 10. Bg5 Re8 11. Nd2 Nf8 12. Nc4 Bc7 13. a4 Ne6 14. Bh4 Nd4
15. Rb1 Be6 16. b3 h6 17. Re1 Rb8 18. Bf1 Qe7 19. h3 Rbd8 20. Rb2 Rd7 21. Kh1
Rdd8 22. Nb1 Bxc4 23. bxc4 Bd6 24. Nd2 Bb4 25. Re3 Rb8 26. Nf3 Qe6 27. Nxd4
exd4 28. Ree2 b5 29. e5 Nd7 30. cxb5 cxb5 31. axb5 Rxb5 32. f4 Reb8 33. g4 Bc3
34. Rxb5 Rxb5 35. Bg2 Qb6 36. Kh2 Nc5 37. Ra2 Rb1 38. Qf3 Qc7 39. Bg3 Rb2 40.
Rxb2 Bxb2 41. Qa8+ Kh7 42. f5 Bc3 43. e6 Qe7 44. exf7 Qxf7 45. Bd5 1-0

[Event "IV Festival A"]
[Site "Erba ITA"]
[Date "2010.03.05"]
[Round "1"]
[White "Bernasconi, Roberto"]
[Black "Gagliardi, Christian"]
[Result "0-1"]
[WhiteElo "1933"]
[BlackElo "2217"]
[PlyCount "74"]
[EventDate "2010.03.05"]

1. e4 g6 2. d4 Bg7 3. Nc3 d6 4. Nf3 a6 5. Bc4 e6 6. O-O b5 7. Bd3 Bb7 8. Qe2
Nd7 9. Bg5 Ne7 10. d5 e5 11. Nd2 O-O 12. Nd1 h6 13. Bxe7 Qxe7 14. c4 Nc5 15.
Rc1 b4 16. Ne3 h5 17. Bc2 a5 18. a4 Qe8 19. b3 Bc8 20. Rce1 Bh6 21. f3 Bd7 22.
Qd1 Kh8 23. Rf2 f5 24. Nef1 Qf7 25. Qe2 Rae8 26. Bd1 Qf6 27. g3 Rf7 28. Kg2
Ref8 29. h3 h4 30. g4 fxg4 31. hxg4 Bxg4 32. Nh2 Bd7 33. Kh1 Bf4 34. Rg1 Bg3
35. Rfg2 Bh3 36. Rxg3 hxg3 37. Rxg3 Rh7 0-1

[Event "IV Festival A"]
[Site "Erba ITA"]
[Date "2010.03.05"]
[Round "1"]
[White "Cazzaniga, Walter"]
[Black "Meijers, Viesturs"]
[Result "0-1"]
[WhiteElo "2110"]
[BlackElo "2476"]
[PlyCount "88"]
[EventDate "2010.03.05"]

1. d4 Nf6 2. c4 e6 3. Nf3 d5 4. Nc3 Be7 5. Bg5 Nbd7 6. e3 O-O 7. cxd5 exd5 8.
Qc2 b6 9. Bd3 Bb7 10. O-O a6 11. Rfd1 Re8 12. Rac1 Nf8 13. Ne2 Bd6 14. Bf4 Bxf4
15. Nxf4 Re7 16. b4 Qd6 17. a3 Ng6 18. Nxg6 hxg6 19. Qb3 Nd7 20. Rc3 c6 21. a4
a5 22. b5 c5 23. dxc5 bxc5 24. Bf1 Re4 25. Qc2 Qe7 26. g3 g5 27. Bg2 Rd8 28.
Nd2 Re6 29. Nb3 d4 30. Rcd3 Bxg2 31. Kxg2 Qd6 32. Nxa5 Ne5 33. exd4 Qd5+ 34.
Kg1 Nxd3 35. Qxd3 Rde8 36. Rf1 Ra8 37. Qb3 Qxd4 38. Nc4 Re4 39. Rc1 Rae8 40. b6
g4 41. Qc3 Qd5 42. a5 Re2 43. Ne3 R2xe3 44. Qxc5 Re1+ 0-1

[Event "IV Festival A"]
[Site "Erba ITA"]
[Date "2010.03.05"]
[Round "1"]
[White "Colovic, Aleksandar"]
[Black "Madiai, Federico"]
[Result "1/2-1/2"]
[WhiteElo "2464"]
[BlackElo "2107"]
[PlyCount "45"]
[EventDate "2010.03.05"]

1. e4 e5 2. Nf3 Nc6 3. Bc4 Bc5 4. b4 Bb6 5. a4 a6 6. c3 Nf6 7. d3 O-O 8. Bg5 d6
9. Nbd2 Qe7 10. Nf1 Be6 11. Bd5 Bxd5 12. Bxf6 Qxf6 13. exd5 e4 14. dxe4 Qxc3+
15. N1d2 Nxb4 16. O-O Qc2 17. Qxc2 Nxc2 18. Rac1 Nb4 19. Nc4 Bc5 20. Na5 Bb6
21. Nc4 Bc5 22. Na5 Bb6 23. Nc4 1/2-1/2

[Event "IV Festival A"]
[Site "Erba ITA"]
[Date "2010.03.05"]
[Round "1"]
[White "Janeva, Mariya"]
[Black "Janev, Evgeni"]
[Result "0-1"]
[WhiteElo "2042"]
[BlackElo "2450"]
[PlyCount "64"]
[EventDate "2010.03.05"]

1. c4 Nf6 2. d4 c5 3. e3 e6 4. Nc3 cxd4 5. Qxd4 Nc6 6. Qd1 d5 7. Nf3 Bd6 8.
cxd5 exd5 9. Be2 O-O 10. O-O a6 11. b3 Re8 12. Bb2 Bg4 13. Nd4 Bxe2 14. Ncxe2
Ng4 15. Ng3 Qh4 16. Nf3 Qh6 17. Qxd5 Bxg3 18. hxg3 Rad8 19. Qg5 Qxg5 20. Nxg5
Rd2 21. Bd4 Nxd4 22. exd4 Ree2 23. Nh3 f6 24. a3 Rxd4 25. a4 Rb2 26. Ra3 Rd3
27. a5 Rdxb3 28. Rxb3 Rxb3 29. Nf4 g5 30. Ne2 Rb5 31. Nd4 Rxa5 32. Re1 Rd5 0-1

[Event "IV Festival A"]
[Site "Erba ITA"]
[Date "2010.03.05"]
[Round "1"]
[White "Ninov, Nikolai Ivanov"]
[Black "Magrini, Fabrizio"]
[Result "1-0"]
[WhiteElo "2501"]
[BlackElo "2130"]
[PlyCount "51"]
[EventDate "2010.03.05"]

1. e4 c5 2. Nf3 d6 3. d4 cxd4 4. Nxd4 Nf6 5. Nc3 a6 6. Be2 e5 7. Nb3 Be7 8. O-O
O-O 9. a4 Nc6 10. Bg5 Be6 11. Bxf6 Bxf6 12. Nd5 Bg5 13. a5 g6 14. c3 Bh6 15.
Re1 Rc8 16. Ra3 Kh8 17. Qd3 f5 18. Bf3 Bxd5 19. Qxd5 Rf6 20. Na1 Rc7 21. Nc2
Ne7 22. Qd1 Rc5 23. exf5 Nxf5 24. b4 Nh4 25. bxc5 Rxf3 26. Qxd6 1-0

[Event "IV Festival A"]
[Site "Erba ITA"]
[Date "2010.03.05"]
[Round "1"]
[White "Occhipinti, Massimo"]
[Black "Vezzosi, Paolo"]
[Result "0-1"]
[WhiteElo "1996"]
[BlackElo "2367"]
[PlyCount "66"]
[EventDate "2010.03.05"]

1. e4 c6 2. d3 d5 3. Nd2 e5 4. h3 Nf6 5. Ngf3 Bd6 6. Be2 Nbd7 7. O-O O-O 8. Re1
b5 9. Nh2 Re8 10. Bf3 Bb7 11. Ndf1 Qc7 12. g4 Nc5 13. g5 Nfd7 14. Ne3 dxe4 15.
dxe4 Ne6 16. Nf5 Bc5 17. c3 Rad8 18. Qe2 Ndf8 19. Bh5 Ng6 20. Be3 Ngf4 21. Qf3
Bxe3 22. fxe3 Nxg5 23. Qg3 Nfxh3+ 24. Kh1 Rd2 25. Rf1 c5 26. Bf3 Re6 27. Rad1
Rxb2 28. Ng4 h5 29. Nf2 Rxf2 30. Rxf2 Nxf2+ 31. Qxf2 Nxe4 32. Qh4 Nd6 33. Qxh5
Nxf5 0-1

[Event "IV Festival A"]
[Site "Erba ITA"]
[Date "2010.03.05"]
[Round "1"]
[White "Pace, Pietro Dario"]
[Black "Cardani, Roberto"]
[Result "1-0"]
[WhiteElo "2304"]
[BlackElo "1995"]
[PlyCount "83"]
[EventDate "2010.03.05"]

1. e4 c5 2. Nf3 d6 3. c3 Nf6 4. Be2 g6 5. O-O Bg7 6. Re1 O-O 7. Bf1 Nc6 8. h3
e5 9. d4 Qc7 10. a4 Bd7 11. Na3 Ne8 12. dxc5 dxc5 13. Be3 b6 14. Nb5 Qb7 15.
Qc2 a6 16. Na3 Na5 17. b4 cxb4 18. cxb4 Nc6 19. Qb2 Nc7 20. b5 axb5 21. axb5
Nd4 22. Nxd4 exd4 23. Bxd4 Bxd4 24. Qxd4 Ne6 25. Qb4 Nc5 26. Nc2 Rxa1 27. Nxa1
Ra8 28. Nb3 Nxb3 29. Qxb3 Be6 30. Qb2 Qd7 31. Qc3 Rc8 32. Qe3 Qd6 33. Be2 Qe5
34. Qxb6 Qxe4 35. Qe3 Qb4 36. Rd1 Qb2 37. Bf1 Rb8 38. Qd4 Qb3 39. Qd3 Qb2 40.
Qd6 Rc8 41. b6 Bb3 42. b7 1-0

[Event "IV Festival A"]
[Site "Erba ITA"]
[Date "2010.03.05"]
[Round "1"]
[White "Pap, Misa"]
[Black "Berni, Fabrizio"]
[Result "1-0"]
[WhiteElo "2521"]
[BlackElo "2148"]
[PlyCount "83"]
[EventDate "2010.03.05"]

1. e4 c5 2. c3 d5 3. exd5 Qxd5 4. d4 e6 5. Nf3 Nf6 6. Be3 cxd4 7. cxd4 Be7 8.
Nc3 Qd6 9. Bd3 O-O 10. O-O Nc6 11. a3 b6 12. Qe2 Bb7 13. Rad1 Rad8 14. Bb1 Qb8
15. Bg5 Rfe8 16. Rfe1 g6 17. Ba2 Nd5 18. Ne4 Bxg5 19. Nfxg5 Nce7 20. Qf3 Rf8
21. Qh3 h5 22. Nf3 Nf4 23. Qh4 Nf5 24. Qg5 Kg7 25. Qf6+ Kg8 26. g3 Qa8 27. Bb1
Nd5 28. Qg5 Kg7 29. h3 f6 30. Qd2 Nd6 31. Nxd6 Rxd6 32. Nh4 Ne7 33. Qc2 Rc8 34.
Qd3 Nf5 35. Nxf5+ gxf5 36. Re3 Rcd8 37. Qe2 Rxd4 38. Re1 Kg6 39. Rxe6 Bf3 40.
Rxf6+ Kxf6 41. Qe7+ Kg6 42. Re6# 1-0

[Event "IV Festival A"]
[Site "Erba ITA"]
[Date "2010.03.05"]
[Round "1"]
[White "Pechy, Alaster"]
[Black "Kimbin, Richard Conrod"]
[Result "1/2-1/2"]
[WhiteElo "2202"]
[BlackElo "1930"]
[PlyCount "51"]
[EventDate "2010.03.05"]

1. d4 Nf6 2. c4 g6 3. Nc3 Bg7 4. e4 d6 5. f3 Nc6 6. Be3 e5 7. d5 Ne7 8. Qd2 c6
9. Nge2 O-O 10. g4 cxd5 11. cxd5 Ne8 12. O-O-O f5 13. gxf5 gxf5 14. Bg5 f4 15.
Kb1 Nf6 16. Rc1 Bd7 17. Ng1 Ng6 18. Bb5 h6 19. Bxf6 Bxf6 20. Qg2 Kh7 21. Bxd7
Qxd7 22. Qh3 Qxh3 23. Nxh3 a6 24. Na4 Bd8 25. b3 Nh4 26. Rhf1 1/2-1/2

[Event "IV Festival A"]
[Site "Erba ITA"]
[Date "2010.03.05"]
[Round "1"]
[White "Ranfagni, Stefano"]
[Black "Martorelli, Antonio"]
[Result "1/2-1/2"]
[WhiteElo "1994"]
[BlackElo "2262"]
[PlyCount "94"]
[EventDate "2010.03.05"]

1. e4 c5 2. Nc3 e6 3. g3 d5 4. exd5 exd5 5. d4 Nf6 6. Bg2 cxd4 7. Qxd4 Nc6 8.
Qd1 d4 9. Nce2 Bc5 10. Nf3 O-O 11. O-O Re8 12. Nf4 Bf5 13. a3 Qd7 14. Nd3 Bb6
15. Bf4 Bg4 16. Re1 Nd5 17. Qd2 f6 18. Rxe8+ Rxe8 19. Re1 Rc8 20. h4 a6 21. Nh2
Bf5 22. Bf3 Ba5 23. b4 Nxf4 24. Nxf4 Bc7 25. Nd5 Rd8 26. Nxc7 Qxc7 27. Be4 Bg6
28. Bxg6 hxg6 29. Nf3 Qd7 30. Qd3 Qf5 31. Qxf5 gxf5 32. Rd1 Kf7 33. Kf1 g6 34.
Rd3 Ke7 35. c3 Ne5 36. Nxe5 fxe5 37. cxd4 e4 38. Rc3 Rxd4 39. Ke2 Ke6 40. Rc7
Rd3 41. Rxb7 Rxa3 42. Rb6+ Kf7 43. b5 Ra2+ 44. Ke3 Ra3+ 45. Ke2 axb5 46. Rxb5
Kg7 47. h5 Ra2+ 1/2-1/2

[Event "IV Festival A"]
[Site "Erba ITA"]
[Date "2010.03.05"]
[Round "1"]
[White "Regorda, Massimiliano"]
[Black "Buonocore, Elio"]
[Result "0-1"]
[WhiteElo "1926"]
[BlackElo "2192"]
[PlyCount "74"]
[EventDate "2010.03.05"]

1. e4 c5 2. Nf3 Nc6 3. Bb5 d6 4. O-O Bd7 5. c3 Nf6 6. Re1 e5 7. d4 Qc7 8. d5
Ne7 9. Bxd7+ Nxd7 10. Bg5 Ng6 11. Nbd2 h6 12. Be3 Be7 13. Nf1 Bf6 14. Ng3 Ne7
15. b4 g6 16. Qa4 Nc8 17. bxc5 dxc5 18. Rab1 Nd6 19. Nd2 b5 20. Qc2 c4 21. a4
a6 22. axb5 axb5 23. Ra1 Ke7 24. Rxa8 Rxa8 25. Bxh6 Nc5 26. f4 Nd3 27. fxe5
Bxe5 28. Re2 Ra1+ 29. Ndf1 Qa5 30. Qd2 f6 31. Bf8+ Kxf8 32. Qh6+ Ke7 33. Qg7+
Kd8 34. Qg8+ Kc7 35. Qxg6 Qa7+ 36. Kh1 Nf2+ 37. Rxf2 Qxf2 0-1

[Event "IV Festival A"]
[Site "Erba ITA"]
[Date "2010.03.05"]
[Round "1"]
[White "Sbarra, Marco"]
[Black "Orsi, Matteo"]
[Result "1-0"]
[WhiteElo "2260"]
[BlackElo "1974"]
[PlyCount "67"]
[EventDate "2010.03.05"]

1. d4 c6 2. c4 d5 3. Nc3 Nf6 4. e3 a6 5. Nf3 b5 6. b3 Bg4 7. Qc2 Nbd7 8. Ne5
Qc7 9. Nxg4 Nxg4 10. Be2 Ngf6 11. O-O b4 12. Na4 Qb7 13. f3 e6 14. e4 Nb6 15.
Nxb6 Qxb6 16. c5 Qc7 17. a3 Be7 18. e5 Nd7 19. axb4 O-O 20. Bd3 f5 21. Bd2 Rf7
22. Bxa6 g5 23. b5 Nxc5 24. dxc5 cxb5 25. Bxb5 Rb8 26. Bd3 Bxc5+ 27. Kh1 Qe7
28. Ra4 f4 29. b4 Bd4 30. Rd1 g4 31. b5 Bf2 32. Rf1 Qh4 33. Bxf4 d4 34. g3 1-0

[Event "IV Festival A"]
[Site "Erba ITA"]
[Date "2010.03.05"]
[Round "1"]
[White "Sullolari, Saip"]
[Black "Lazic, Miroljub"]
[Result "0-1"]
[WhiteElo "2137"]
[BlackElo "2507"]
[PlyCount "38"]
[EventDate "2010.03.05"]

1. e4 e5 2. Nf3 Nc6 3. Bb5 a6 4. Ba4 Nge7 5. O-O d6 6. c3 Bd7 7. h3 Ng6 8. d4
Be7 9. Bxc6 Bxc6 10. dxe5 dxe5 11. Qc2 O-O 12. Rd1 Bxe4 13. Qe2 Bxf3 14. Qxf3
Qc8 15. Nd2 f5 16. Nf1 e4 17. Qe2 Qe6 18. f4 Bc5+ 19. Be3 Nxf4 0-1

[Event "IV Festival A"]
[Site "Erba ITA"]
[Date "2010.03.06"]
[Round "2"]
[White "Berni, Fabrizio"]
[Black "Occhipinti, Massimo"]
[Result "1-0"]
[WhiteElo "2148"]
[BlackElo "1996"]
[PlyCount "71"]
[EventDate "2010.03.05"]

1. e4 c5 2. Nf3 d6 3. c3 Nf6 4. Be2 Nc6 5. d4 cxd4 6. cxd4 e6 7. Nc3 Be7 8. d5
exd5 9. exd5 Ne5 10. Bb5+ Ned7 11. O-O O-O 12. Re1 a6 13. Ba4 b5 14. Nd4 Ne5
15. Bb3 Bd7 16. h3 Rc8 17. Bf4 Ng6 18. Bh2 Re8 19. Nce2 Bf8 20. Rc1 Qb6 21.
Rxc8 Rxc8 22. Qd3 Ne5 23. Bxe5 dxe5 24. Nf5 e4 25. Qe3 Bc5 26. Ne7+ Kf8 27.
Nxc8 Bxc8 28. Qg3 Nh5 29. Qh4 Nf6 30. Rf1 Bf5 31. Qf4 Bg6 32. Qe5 Nd7 33. Qc3
f6 34. Nf4 b4 35. Qc4 Ne5 36. Qxc5+ 1-0

[Event "IV Festival A"]
[Site "Erba ITA"]
[Date "2010.03.06"]
[Round "2"]
[White "Buonocore, Elio"]
[Black "Belezky, Alexander"]
[Result "0-1"]
[WhiteElo "2192"]
[BlackElo "2452"]
[PlyCount "50"]
[EventDate "2010.03.05"]

1. e4 c5 2. Nf3 d6 3. d4 cxd4 4. Nxd4 Nf6 5. Nc3 g6 6. Be3 Bg7 7. f3 Nc6 8. Qd2
Bd7 9. O-O-O Rc8 10. h4 h5 11. Kb1 Ne5 12. Bg5 a6 13. Be2 b5 14. f4 Neg4 15.
Bf3 b4 16. Nd5 Nxd5 17. exd5 f6 18. f5 fxg5 19. Bxg4 hxg4 20. Qxg5 Bf6 21.
Qxg6+ Kf8 22. Ne6+ Bxe6 23. dxe6 Qe8 24. Qxg4 Rg8 25. Qe4 Qc6 0-1

[Event "IV Festival A"]
[Site "Erba ITA"]
[Date "2010.03.06"]
[Round "2"]
[White "Cardani, Roberto"]
[Black "Cazzaniga, Walter"]
[Result "0-1"]
[WhiteElo "1995"]
[BlackElo "2110"]
[PlyCount "110"]
[EventDate "2010.03.05"]

1. e4 e6 2. d4 d5 3. Nc3 Bb4 4. e5 c5 5. a3 Bxc3+ 6. bxc3 Qa5 7. Bd2 Qa4 8. Qb1
c4 9. Nf3 Nc6 10. h4 Nge7 11. h5 h6 12. g4 Bd7 13. g5 O-O-O 14. gxh6 gxh6 15.
Bh3 Rdf8 16. Qc1 Rh7 17. Nh2 Ng8 18. Rg1 f5 19. exf6 Nxf6 20. Bxh6 Rfh8 21. Bg7
Rg8 22. h6 Ne4 23. Nf3 Qa5 24. Qe3 Qxc3+ 25. Qxc3 Nxc3 26. Kd2 Ne4+ 27. Ke3 Ne7
28. Ng5 Nxg5 29. Rxg5 Nf5+ 30. Bxf5 exf5 31. Rag1 Be6 32. c3 Kd7 33. Kf4 b5 34.
Re1 a5 35. Rg6 Re8 36. Rb1 Rb8 37. Be5 Rb7 38. Rg7+ Rxg7 39. hxg7 b4 40. axb4
axb4 41. cxb4 Kc6 42. Rg1 Kb5 43. g8=Q Bxg8 44. Rxg8 Kxb4 45. Kxf5 c3 46. Rb8
Rxb8 47. Bxb8 Kc4 48. Bf4 Kxd4 49. Ke6 Ke4 50. Bc1 d4 51. f4 d3 52. f5 d2 53.
Bxd2 cxd2 54. f6 d1=Q 55. f7 Qd8 0-1

[Event "IV Festival A"]
[Site "Erba ITA"]
[Date "2010.03.06"]
[Round "2"]
[White "Janev, Evgeni"]
[Black "Sbarra, Marco"]
[Result "1-0"]
[WhiteElo "2450"]
[BlackElo "2260"]
[PlyCount "107"]
[EventDate "2010.03.05"]

1. e4 e5 2. Nf3 Nc6 3. Bb5 a6 4. Ba4 Nf6 5. O-O b5 6. Bb3 Bc5 7. c3 d6 8. d4
Bb6 9. Bg5 h6 10. Bd5 Bd7 11. Bh4 g5 12. Bg3 exd4 13. Nxd4 Nxd5 14. Nxc6 Bxc6
15. exd5 Bb7 16. c4 Qf6 17. Nc3 bxc4 18. Qa4+ Kf8 19. Qxc4 Qf5 20. Rad1 Rc8 21.
Qb3 Kg7 22. Bxd6 Rb8 23. Bg3 h5 24. Na4 Ba5 25. Qc4 h4 26. Bxc7 Bxc7 27. Qxc7
Bxd5 28. Qc5 Be6 29. Qd4+ Qf6 30. b3 Qxd4 31. Rxd4 Rhc8 32. Rd2 Rb4 33. f3 Kf6
34. Kf2 Rc7 35. Re1 Bd7 36. Nb2 Be6 37. Re3 Rb6 38. Re4 Rc1 39. Ra4 h3 40. gxh3
Bxh3 41. Nc4 Re6 42. Rd6 Bf1 43. Rxe6+ fxe6 44. Ne3 Bb5 45. Rd4 Rb1 46. Rd2 Bc6
47. Rc2 Bb5 48. Ng4+ Kg6 49. Ke3 Re1+ 50. Kd4 Be2 51. Rc6 Rd1+ 52. Ke3 Bb5 53.
a4 Bf1 54. Rxe6+ 1-0

[Event "IV Festival A"]
[Site "Erba ITA"]
[Date "2010.03.06"]
[Round "2"]
[White "Kimbin, Richard Conrod"]
[Black "Colovic, Aleksandar"]
[Result "0-1"]
[WhiteElo "1930"]
[BlackElo "2464"]
[PlyCount "63"]
[EventDate "2010.03.05"]

1. Nf3 c5 2. g3 g6 3. c4 Bg7 4. Nc3 Nc6 5. Bg2 d6 6. d3 Nh6 7. e4 f5 8. Rb1 O-O
9. O-O Nd4 10. Nxd4 cxd4 11. Ne2 e5 12. f4 Ng4 13. h3 Nf6 14. fxe5 dxe5 15. Bg5
fxe4 16. Bxf6 Rxf6 17. Rxf6 Bxf6 18. Bxe4 Bxh3 19. Bxb7 Rb8 20. Bd5+ Kh8 21.
Qa4 Bg4 22. Nc1 Bg5 23. Nb3 Qf8 24. Kg2 Be3 25. Rf1 Bh3+ 26. Kxh3 Qxf1+ 27. Bg2
Qxd3 28. Qc6 Qf5+ 29. g4 Qg5 30. Nc5 Qh6+ 31. Kg3 Bf2+ 32. Kxf2 0-1

[Event "IV Festival A"]
[Site "Erba ITA"]
[Date "2010.03.06"]
[Round "2"]
[White "Laketic, Gojko"]
[Black "Ranfagni, Stefano"]
[Result "1-0"]
[WhiteElo "2457"]
[BlackElo "1994"]
[PlyCount "99"]
[EventDate "2010.03.05"]

1. d4 e6 2. c4 f5 3. g3 Nf6 4. Bg2 Be7 5. Nf3 O-O 6. O-O d5 7. b3 c6 8. Ba3
Bxa3 9. Nxa3 Qd6 10. Qc1 Nbd7 11. Qb2 Ne4 12. Rac1 Qe7 13. Nc2 g5 14. Nce1 Qg7
15. Nd3 h5 16. Nfe5 Nxe5 17. Nxe5 Nf6 18. f3 Nd7 19. Nd3 Nb6 20. e4 Bd7 21. c5
Nc8 22. Ne5 Be8 23. exd5 exd5 24. f4 Ne7 25. Qd2 g4 26. Rfe1 Ng6 27. Rc3 Nxe5
28. Rxe5 Bd7 29. Rce3 Rae8 30. Qa5 Rxe5 31. Rxe5 Re8 32. Qxa7 Rxe5 33. fxe5 Qe7
34. Qb8+ Kf7 35. Qd6 Qxd6 36. exd6 Ke6 37. Kf2 b6 38. b4 b5 39. Ke3 Kf6 40. Kf4
Ke6 41. Bf1 Be8 42. Bd3 Bd7 43. Bc2 Be8 44. a4 bxa4 45. Bxa4 Bd7 46. Bb3 Bc8
47. b5 Bb7 48. Ba4 cxb5 49. Bxb5 Ba8 50. Bc6 1-0

[Event "IV Festival A"]
[Site "Erba ITA"]
[Date "2010.03.06"]
[Round "2"]
[White "Lazic, Miroljub"]
[Black "Marholev, Dimitar"]
[Result "1/2-1/2"]
[WhiteElo "2507"]
[BlackElo "2423"]
[PlyCount "62"]
[EventDate "2010.03.05"]

1. g3 Nf6 2. Bg2 d5 3. Nf3 g6 4. c4 c6 5. b3 Bg7 6. Bb2 O-O 7. O-O a5 8. Qc2
Na6 9. a3 Bf5 10. d3 Qc8 11. Re1 Bh3 12. Bh1 h6 13. Nbd2 e6 14. Bc3 Nc7 15. Qb2
Nfe8 16. Bxg7 Nxg7 17. b4 f5 18. e4 f4 19. b5 g5 20. b6 Nce8 21. exd5 cxd5 22.
cxd5 exd5 23. Ne5 Qd8 24. Rac1 Ra6 25. Qd4 Nf6 26. Ng6 Rf7 27. Nf3 Ne6 28. Qc3
Rxb6 29. Qxa5 Rg7 30. Nge5 Rd6 31. Qb4 Qb6 1/2-1/2

[Event "IV Festival A"]
[Site "Erba ITA"]
[Date "2010.03.06"]
[Round "2"]
[White "Madiai, Federico"]
[Black "Pechy, Alaster"]
[Result "1-0"]
[WhiteElo "2107"]
[BlackElo "2202"]
[PlyCount "69"]
[EventDate "2010.03.05"]

1. e4 d6 2. d4 Nf6 3. Nc3 e5 4. Nf3 Nbd7 5. h3 c6 6. a4 a5 7. Be3 Be7 8. Qd2
Qc7 9. Bc4 O-O 10. Bb3 exd4 11. Bxd4 Nc5 12. Bxc5 dxc5 13. O-O-O Nd7 14. g4 b5
15. axb5 a4 16. Ba2 a3 17. b3 Nb6 18. bxc6 Qxc6 19. Ne5 Qf6 20. f4 g5 21. Nd3
gxf4 22. e5 Qg7 23. h4 Bb7 24. Qxf4 Bxh1 25. Rxh1 Rad8 26. Qf5 Rd4 27. Nf4 Rfd8
28. g5 c4 29. b4 Bxb4 30. Ne4 Bd2+ 31. Nxd2 Rxd2 32. h5 Nd5 33. g6 Ne3 34.
gxf7+ Qxf7 35. Qg5+ 1-0

[Event "IV Festival A"]
[Site "Erba ITA"]
[Date "2010.03.06"]
[Round "2"]
[White "Magrini, Fabrizio"]
[Black "Bernasconi, Roberto"]
[Result "1-0"]
[WhiteElo "2130"]
[BlackElo "1933"]
[PlyCount "73"]
[EventDate "2010.03.05"]

1. e4 e5 2. Nf3 Nf6 3. Nxe5 d6 4. Nf3 Nxe4 5. Nc3 Nxc3 6. dxc3 Be7 7. Be3 O-O
8. Qd2 Nc6 9. O-O-O Ne5 10. Be2 Be6 11. Kb1 Nc4 12. Bxc4 Bxc4 13. h4 Be6 14.
Rdg1 c6 15. g4 Qa5 16. b3 Bf6 17. Nd4 Rfe8 18. h5 c5 19. Ne2 d5 20. g5 Be7 21.
g6 Bf6 22. gxh7+ Kxh7 23. Bg5 Qd8 24. Rh2 Qe7 25. Rhg2 Rg8 26. Nf4 Rad8 27. Ng6
Bxg5 28. Rxg5 Qf6 29. Qd3 Kh6 30. Ne5 Qxg5 31. Rxg5 Kxg5 32. Qe3+ Kf5 33. Nf3
Kg4 34. Ne5+ Kf5 35. Nd3 Kg4 36. Qg3+ Kxh5 37. Nf4+ 1-0

[Event "IV Festival A"]
[Site "Erba ITA"]
[Date "2010.03.06"]
[Round "2"]
[White "Martorelli, Antonio"]
[Black "Annoni, Riccardo"]
[Result "1-0"]
[WhiteElo "2262"]
[BlackElo "2078"]
[PlyCount "25"]
[EventDate "2010.03.05"]

1. e4 c5 2. Nf3 Nc6 3. Bb5 g6 4. O-O Bg7 5. c3 e5 6. d4 cxd4 7. cxd4 exd4 8.
Bf4 Nge7 9. Bd6 O-O 10. Nbd2 Re8 11. Re1 a6 12. Bc4 b5 13. Bxf7+ 1-0

[Event "IV Festival A"]
[Site "Erba ITA"]
[Date "2010.03.06"]
[Round "2"]
[White "Meijers, Viesturs"]
[Black "Pace, Pietro Dario"]
[Result "1/2-1/2"]
[WhiteElo "2476"]
[BlackElo "2304"]
[PlyCount "116"]
[EventDate "2010.03.05"]

1. Nf3 Nf6 2. c4 c6 3. e3 d5 4. b3 e6 5. Bb2 Nbd7 6. Be2 Bd6 7. d4 O-O 8. O-O
Qc7 9. Nc3 Re8 10. Rc1 Qb8 11. Qc2 dxc4 12. bxc4 e5 13. h3 exd4 14. exd4 Nf8
15. Rfe1 Ng6 16. Bd3 Bd7 17. c5 Bc7 18. Bc4 b5 19. cxb6 axb6 20. Ng5 Rf8 21. g3
b5 22. Bb3 Bxg3 23. fxg3 Qxg3+ 24. Qg2 Qxg2+ 25. Kxg2 Nf4+ 26. Kh2 Nd3 27. Re2
Nxc1 28. Bxc1 h6 29. Nf3 Be6 30. Bxe6 fxe6 31. Ne5 b4 32. Nd1 Ra6 33. Rc2 Rfa8
34. Nxc6 Nd5 35. Kg3 Rxa2 36. Bb2 R8a3+ 37. Bxa3 Rxc2 38. Nxb4 Rd2 39. Nxd5
exd5 40. Nf2 Rxd4 41. h4 Ra4 42. Bd6 Kf7 43. Be5 g6 44. Bb2 Rb4 45. Bc1 h5 46.
Bg5 Ke6 47. Kf3 Kf5 48. Ke3 d4+ 49. Kd3 Ra4 50. Be7 Ke5 51. Ne4 Ra1 52. Nd2 Kd5
53. Ke2 Ra7 54. Bf8 Ra3 55. Kf2 Rc3 56. Bh6 Ra3 57. Ke2 Ra2 58. Bg7 Ra7 1/2-1/2

[Event "IV Festival A"]
[Site "Erba ITA"]
[Date "2010.03.06"]
[Round "2"]
[White "Orsi, Matteo"]
[Black "Janeva, Mariya"]
[Result "1/2-1/2"]
[WhiteElo "1974"]
[BlackElo "2042"]
[PlyCount "167"]
[EventDate "2010.03.05"]

1. Nf3 Nf6 2. g3 d5 3. Bg2 Bf5 4. d3 h6 5. Nbd2 Nc6 6. O-O e5 7. c4 Bg4 8. cxd5
Qxd5 9. Qa4 Qd7 10. Qb5 Bd6 11. Nc4 O-O 12. Nxd6 cxd6 13. Re1 a6 14. Qb6 d5 15.
e4 d4 16. Bd2 Rac8 17. Rac1 Qe7 18. Qb3 Be6 19. Qd1 Bxa2 20. Nh4 Qe6 21. Nf5
Qb3 22. Qf3 Kh7 23. Nxh6 gxh6 24. Qxf6 Qe6 25. Qh4 f5 26. exf5 Qf6 27. Qxf6
Rxf6 28. Bxc6 Rcxc6 29. Rxc6 Rxc6 30. Rxe5 Bb1 31. Re7+ Kg8 32. Rxb7 Bxd3 33.
f6 Rxf6 34. Rd7 Bb5 35. Rxd4 Kh7 36. Rh4 Rd6 37. Bc3 Bc6 38. f4 Bd7 39. Rh5 Kg6
40. Re5 Bh3 41. Kf2 Rd1 42. Be1 Rb1 43. Re2 h5 44. Bc3 Rf1+ 45. Ke3 Bg4 46. Rd2
Re1+ 47. Kf2 Re6 48. Be5 Kf5 49. Ke3 Rb6 50. Rd8 Ke6 51. Rh8 Kd5 52. Rd8+ Ke6
53. Bc3 Ke7 54. Rd5 Re6+ 55. Be5 Rc6 56. Rd2 Ke6 57. Kd4 Rc8 58. Ke3 Rc6 59. b4
Rb6 60. Rb2 Kd5 61. Kf2 Kc4 62. Ke3 Rxb4 63. Rxb4+ Kxb4 64. Ke4 Bd7 65. f5 Kc4
66. h3 Bc6+ 67. Kf4 Bg2 68. f6 Bd5 69. g4 Bf7 70. Kf5 Kd5 71. Ba1 hxg4 72. Kxg4
Be6+ 73. Kg5 Bg8 74. h4 Ke6 75. Kh6 Kf7 76. h5 Kf8 77. Bc3 Kf7 78. Bb2 Kf8 79.
Kg6 Bf7+ 80. Kg5 Be6 81. Ba3+ Kf7 82. Be7 Ba2 83. Kh6 Bb1 84. Bd8 1/2-1/2

[Event "IV Festival A"]
[Site "Erba ITA"]
[Date "2010.03.06"]
[Round "2"]
[White "Vezzosi, Paolo"]
[Black "Pap, Misa"]
[Result "0-1"]
[WhiteElo "2367"]
[BlackElo "2521"]
[PlyCount "64"]
[EventDate "2010.03.05"]

1. d4 Nf6 2. Nf3 c5 3. c4 cxd4 4. Nxd4 b6 5. Nc3 Bb7 6. f3 a6 7. e4 d6 8. Be3
e6 9. Be2 Be7 10. O-O O-O 11. Qd2 Nbd7 12. Rac1 Rc8 13. Rfd1 Qc7 14. Bf1 Rfe8
15. b4 Qb8 16. Nb3 Bd8 17. Kh1 Bc7 18. a4 Rcd8 19. a5 bxa5 20. Nxa5 Ba8 21. Ne2
d5 22. exd5 exd5 23. Nd4 Ne5 24. c5 Nc4 25. Bxc4 dxc4 26. Rxc4 Bd5 27. Rcc1
Bxh2 28. Bg5 Be5 29. Qd3 h6 30. Bxf6 Bxf6 31. Qf5 Re5 32. Qh3 Qc7 0-1

[Event "IV Festival A"]
[Site "Erba ITA"]
[Date "2010.03.06"]
[Round "3"]
[White "Annoni, Riccardo"]
[Black "Orsi, Matteo"]
[Result "0-1"]
[WhiteElo "2078"]
[BlackElo "1974"]
[PlyCount "96"]
[EventDate "2010.03.05"]

1. d4 c6 2. c4 d5 3. cxd5 cxd5 4. Nf3 Nf6 5. Nc3 a6 6. Bf4 Nc6 7. Rc1 Bf5 8. e3
Rc8 9. Ne5 e6 10. Be2 Bd6 11. g4 Be4 12. f3 Bg6 13. h4 h6 14. Nxg6 fxg6 15.
Bxd6 Qxd6 16. f4 Ke7 17. Qd3 Kf7 18. a3 Ne7 19. O-O h5 20. g5 Ng4 21. e4 Qd7
22. Bf3 dxe4 23. Bxe4 Rhd8 24. Rcd1 Nf5 25. Bxf5 gxf5 26. Rfe1 Qc7 27. Qf3 Qb6
28. Ne2 Rc2 29. b4 Rc6 30. Kg2 Rcd6 31. Rc1 a5 32. Rc4 axb4 33. Rxb4 Qa5 34.
Rxb7+ R8d7 35. Reb1 Qd2 36. R7b2 Qa5 37. Rb4 Kg6 38. Kg3 Qc7 39. Rc1 Qd8 40.
Rcc4 Ra6 41. a4 Rda7 42. Nc3 Qd7 43. Nb5 Rxa4 44. Rxa4 Rxa4 45. Rxa4 Qxb5 46.
Ra2 Qb1 47. Qg2 Qb3+ 48. Qf3 Qxa2 0-1